Statistics for You Can Call Me AL

Click here to take the quiz!

General Stats

  • This quiz has been taken 13,837 times
  • The average score is 14 of 20

Answer Stats

HintAnswer% Correct
A country in EuropeAlbania
97%
The Muslim name for GodAllah
96%
The first U.S. state, alphabeticallyAlabama
94%
An element of the Periodic TableAluminum
91%
One of Canada's provincesAlberta
88%
Branch of mathematics improved by an 9th century Baghdad
scholar named Al-Kwarizmi
Algebra
83%
Inconveniently, he lost a Presidential election by the thinnest of marginsAl Gore
80%
Kelp and seaweed are not plants, they are ...Algae
76%
A Disney animated movie from the 1990sAladdin
74%
Its bad luck for a sailor to kill one of these birdsAlbatross
73%
The attempt to turn base metals into goldAlchemy
72%
State-owned news channel based in QatarAl Jazeera
66%
Actor who, at age 83, became a father againAl Pacino
66%
Sequel to the movie "Alien"Aliens
64%
Title character of a Lewis Carroll bookAlice
61%
An alter-ego; a pseudonymAlias
59%
A capital city in AfricaAlgiers
58%
Historical region of France which at times has belonged to GermanyAlsace
55%
Something with the chemical formula C2H5OHAlcohol
44%
California's top cash cropAlmonds
36%

Score Distribution

Percentile by Number Answered

Percent of People with Each Score

Your Score History

You have not taken this quiz